BIBLIOTECA

SENCICO

Elementos de concreto reforzado II / (Registro nro. 3827)

Detalles MARC
000 -LEADER
fixed length control field 00845nam a22002537a 4500
003 - CONTROL NUMBER IDENTIFIER
control field PE SENCICO BE
005 - DATE AND TIME OF LATEST TRANSACTION
control field 20251020182626.0
008 - FIXED-LENGTH DATA ELEMENTS--GENERAL INFORMATION
fixed length control field 230207b |||||||| |||| 00| 0 eng d
040 ## - CATALOGING SOURCE
Original cataloging agency PE SENCICO BE
Transcribing agency PE SENCICO BE
041 ## - LANGUAGE CODE
Language code of text/sound track or separate title spa
082 ## - DEWEY DECIMAL CLASSIFICATION NUMBER
Classification number 693.54
Item number M77E
100 1# - MAIN ENTRY--PERSONAL NAME
9 (RLIN) 510
Personal name Montoya Vallecilla, Jorge Olmedo
Relator term autor
245 1# - TITLE STATEMENT
Title Elementos de concreto reforzado II /
Statement of responsibility, etc. Jorge Olmedo Montoya Vallecilla
260 ## - PUBLICATION, DISTRIBUTION, ETC.
Place of publication, distribution, etc. Ibagué :
Name of publisher, distributor, etc. Universidad de Ibagué,
Date of publication, distribution, etc. 2018
300 ## - PHYSICAL DESCRIPTION
Extent [22], 472 p. :
Other physical details diagrs.,
Dimensions 23 cm.
504 ## - BIBLIOGRAPHY, ETC. NOTE
Bibliography, etc. note Referencias bibliográficas: p. 469-472.
650 14 - SUBJECT ADDED ENTRY--TOPICAL TERM
9 (RLIN) 563
Topical term or geographic name entry element Concreto reforzado
650 24 - SUBJECT ADDED ENTRY--TOPICAL TERM
9 (RLIN) 573
Topical term or geographic name entry element Concreto
650 24 - SUBJECT ADDED ENTRY--TOPICAL TERM
9 (RLIN) 572
Topical term or geographic name entry element Concreto preesforzado
650 24 - SUBJECT ADDED ENTRY--TOPICAL TERM
9 (RLIN) 566
Topical term or geographic name entry element Torsión
650 20 - SUBJECT ADDED ENTRY--TOPICAL TERM
Topical term or geographic name entry element Columnas de concreto
9 (RLIN) 574
910 ## - USER-OPTION DATA (OCLC)
-- hfp
-- hfp
942 ## - ADDED ENTRY ELEMENTS (KOHA)
Source of classification or shelving scheme Dewey Decimal Classification
Koha item type Libros
Classification part 693.54
Item part M77E
Existencias
Fecha de la última vez que lo usaron Número de ingreso o de inventario Pago total Signatura topográfica completa Precio efectivo desde Tipo de documento Estado perdido Sistema de clasificación Estado dañado No es para préstamo Retirado Ubicación permanente Ubicación actual Fecha de adquisición
07/02/2023 16582   693.54/M77E 07/02/2023 Libros   Dewey Decimal Classification       Biblioteca Central Lima Biblioteca Central Lima 07/02/2023